000 00894nas a2200289 4500
001 BR9207777
003 BR-BrBNA
005 20231205093039.0
007 ta
008 230509b bl.|||p| |||| 00| 00por d
040 _aBR-BrBNA
_bpor
_cBiblioteca Nacional de Agricultura
041 _a(Pt)
072 _aQ52
100 1 _aSilveira, A.C.
100 1 _aTosi, H.
100 1 _aFaria, V.P. de
100 1 _aSpers, A.
245 1 _aEfeito de diferentes tratamentos na digestibilidade "in vitro" de silagens do capim-napier (Pennisetum purpureum Schum)
650 _aCAPIM NAPIER
650 _aENSILAGEM
650 _aMELACO
650 _aSUPLEMENTO ALIMENTAR
650 _aFERMENTACAO
773 0 _tRevista da Sociedade Brasileira de Zootecnia (Brazil)
_xISSN 0100-4859
_g(1973), v. 2(2) p. 216-226
_wBR9207777
909 _a202311
_bLúcia
_c55
_dLúcia Elande
942 _2AGRIS
_n0
_cANA
999 _c135861
_d135861